000 00711nam a2200277Ia 4500
003 OSt
005 20221006142626.0
006 a|||||r|||| 00| 0
007 ta
008 221006b |||||||| |||| 00| 0 eng d
020 _c236.25
024 _a6,788
037 _cTextual
040 _aEASL
_cEASL
_beng
041 _2eng
_aeng
082 _aY:1.410c73, M1
100 _aHSU Francis L.K
_9107787
245 0 _aAmerican and Chinese
_b Passage to differences
250 _a3rd
260 _aHonolulu
_bUniversity Press
_c1981
300 _a534p.
_ccm.
490 _v Oth
650 _aCEL
942 _hY:1.410c73, M1
_cTEXL
_2CC
999 _c1074874
_d1074874